000 00555nam a2200181Ia 4500
003 GCL
008 140319s9999 xx 000 0 ara d
040 _aGCL /
_cGCL
082 0 4 _a813.01
_bل ك
100 1 _aلطيفة الزيات
245 1 0 _aكل هذاالصوت الجميل: مختارات قصصية كاتبات عربيات /
_cلطيفة الزيات
300 _a210 ص
490 _a100 قصة
_v0
650 0 4 _aالادب العربى
650 0 4 _aالقصص القصيرة
650 0 4 _aالقصة العربية
942 _2ddc
_cBK
999 _c45300
_d45300